[Event "4NCL Online Division 5"]
[Site "online"]
[Date "2020.10.20"]
[Round "5.161"]
[White "Richardson, Kevin D"]
[Black "Duckers, Harvey L"]
[Result "1/2-1/2"]
[WhiteElo "2194"]
[BlackElo "2080"]
[PlyCount "176"]
[EventDate "2020.10.20"]
[WhiteTeam "Farnham A"]
[BlackTeam "Crowthorne 1"]

1. e4 c5 2. Nf3 e6 3. d4 cxd4 4. Nxd4 Bc5 5. Nb3 Bb6 6. Bd3 Ne7 7. O-O O-O 8.
c4 d5 9. c5 Bc7 10. Nc3 Nbc6 11. Bg5 f6 12. Bh4 dxe4 13. Bxe4 Ne5 14. Nd4 N7g6
15. Bxg6 Nxg6 16. Bg3 e5 17. Qb3+ Kh8 18. Ndb5 Bd7 19. Rfd1 Qc8 20. Nd6 Bxd6
21. Rxd6 Ne7 22. Qd1 Bc6 23. b4 Nf5 24. Rd2 Qe8 25. Nd5 Qf7 26. Rc1 Rae8 27.
Rc3 Nd4 28. Ne3 Rd8 29. Nf5 Qd5 30. f3 Nxf3+ 31. gxf3 Qxd2 32. Qxd2 Rxd2 33. a3
g6 34. Nd6 Kg7 35. Bf2 Rd8 36. Kf1 R8xd6 37. cxd6 Rxd6 38. Ke2 a6 39. Bc5 Rd5
40. Ke3 f5 41. Rc2 Kf6 42. h4 Bb5 43. Rc3 Rd1 44. Bb6 Bc6 45. Ke2 Rh1 46. Rc5
Ke6 47. Bc7 e4 48. fxe4 Bxe4 49. Bd8 Rh2+ 50. Ke3 Rh3+ 51. Ke2 Rxa3 52. Rc7 h5
53. Re7+ Kd6 54. Rg7 f4 55. Bc7+ Kd5 56. Bxf4 Kc4 57. Bd6 Rh3 58. Be7 b6 59.
Rg8 a5 60. Rc8+ Kb3 61. Rb8 a4 62. Rxb6 a3 63. Bf6 a2 64. Re6 Bf5 65. Re8 Rh1
66. Ra8 Kxb4 67. Ke3 Rh2 68. Kf4 Kc4 69. Kg5 Rg2+ 70. Kh6 Kd5 71. Bg7 Ke4 72.
Ra4+ Kf3 73. Bf6 Be6 74. Ra3+ Ke4 75. Ra4+ Kf5 76. Bg7 Rg4 77. Ra5+ Kf4 78. Bf6
Kg3 79. Ra3+ Kf2 80. Bg5 Bf5 81. Rxa2+ Kf3 82. Ra3+ Ke4 83. Ra5 Rg2 84. Ra4+
Kd3 85. Ra3+ Ke4 86. Ra4+ Kd3 87. Ra3+ Ke4 88. Ra4+ Kd3 1/2-1/2

[Event "4NCL Online Division 5"]
[Site "online"]
[Date "2020.10.20"]
[Round "5.162"]
[White "Coates, Kenneth G"]
[Black "Warren, Alex M"]
[Result "1-0"]
[WhiteElo "2065"]
[BlackElo "2050"]
[PlyCount "65"]
[EventDate "2020.10.20"]
[WhiteTeam "Crowthorne 1"]
[BlackTeam "Farnham A"]

1. d4 Nf6 2. Nf3 g6 3. Nc3 d5 4. Bf4 Bg7 5. Qd2 Ne4 6. Nxe4 dxe4 7. Ne5 O-O 8.
e3 c5 9. c3 Be6 10. Be2 f6 11. Nc4 b5 12. Na3 a6 13. dxc5 f5 14. Nc2 Bf7 15.
Qxd8 Rxd8 16. g4 Rc8 17. O-O-O Bxa2 18. gxf5 gxf5 19. Rhg1 Kh8 20. Nd4 e5 21.
Rxg7 exf4 22. Nxf5 Be6 23. Rg5 Nd7 24. c6 Nf8 25. Rd6 f3 26. Bd1 b4 27. Nd4 Bf7
28. cxb4 Rab8 29. Bc2 Bg6 30. h4 Rxb4 31. h5 h6 32. Rgxg6 Nxg6 33. Rxg6 1-0

[Event "4NCL Online Division 5"]
[Site "online"]
[Date "2020.10.20"]
[Round "5.163"]
[White "Abhishek, Pradhan"]
[Black "Johnson, Derek R"]
[Result "1/2-1/2"]
[WhiteElo "1810"]
[BlackElo "2012"]
[PlyCount "95"]
[EventDate "2020.10.20"]
[WhiteTeam "Farnham A"]
[BlackTeam "Crowthorne 1"]

1. d4 Nf6 2. c4 c5 3. d5 e6 4. dxe6 fxe6 5. Nc3 Be7 6. e4 Nc6 7. Bf4 O-O 8. Bg3
d6 9. Bd3 e5 10. Nge2 Nh5 11. Nd5 Bg5 12. Nec3 Nxg3 13. hxg3 Be6 14. Qh5 Bh6
15. g4 Bf7 16. Qh3 Qg5 17. Rd1 Nd4 18. Qh4 Rad8 19. Qxg5 Bxg5 20. Ne2 Be6 21.
Nxd4 cxd4 22. Be2 Rc8 23. Rh5 Bd8 24. f3 g6 25. Rh2 Rf7 26. Bd3 Bg5 27. b3 Bxd5
28. exd5 Bf4 29. Rh3 Rg7 30. Ke2 Rcc7 31. g3 Be3 32. Rf1 Rcf7 33. Be4 Rc7 34.
Bd3 b6 35. a4 a6 36. Ra1 Rgf7 37. Rhh1 a5 38. Ra2 Rf8 39. Rc2 Rcf7 40. Be4 Rc7
41. Rb1 Ra8 42. Rh1 Raa7 43. Rf1 Ra8 44. Rh1 Rf7 45. Rf1 Raa7 46. Rh1 Ra8 47.
Rf1 Raa7 48. Rh1 1/2-1/2

[Event "4NCL Online Division 5"]
[Site "online"]
[Date "2020.10.20"]
[Round "5.164"]
[White "Gnanagurusamy, Ganeshbabu"]
[Black "Cooper, Malcolm H"]
[Result "1-0"]
[WhiteElo "1896"]
[BlackElo "1817"]
[PlyCount "59"]
[EventDate "2020.10.20"]
[WhiteTeam "Crowthorne 1"]
[BlackTeam "Farnham A"]

1. d4 Nf6 2. c4 g6 3. Nc3 Bg7 4. e4 d6 5. Nf3 O-O 6. Be2 e5 7. O-O Nc6 8. d5
Ne7 9. Ne1 Nd7 10. Nd3 f5 11. f3 Nf6 12. Be3 f4 13. Bf2 g5 14. c5 Ng6 15. Rc1
Kh8 16. cxd6 cxd6 17. Nb5 b6 18. a4 Rf7 19. Rc6 Bf8 20. Qc2 Bb7 21. Rc4 Rc8 22.
Nxa7 Rxc4 23. Qxc4 Bxd5 24. exd5 Rxa7 25. Qb5 Ra5 26. Bxb6 Rxb5 27. Bxd8 Rxd5
28. Bxf6+ Bg7 29. Bxg7+ Kxg7 30. Rc1 1-0

[Event "4NCL Online Division 5"]
[Site "online"]
[Date "2020.11.03"]
[Round "6.11"]
[White "Beckett, Chris J"]
[Black "Coburn, Joseph A"]
[Result "1-0"]
[WhiteElo "2162"]
[BlackElo "1802"]
[PlyCount "39"]
[EventDate "2020.11.03"]
[WhiteTeam "Woking Warriors"]
[BlackTeam "Wessex Some Stars D"]

1. d4 Nf6 2. c4 d5 3. cxd5 Qxd5 4. Nc3 Qa5 5. Nf3 Bf5 6. Ne5 e6 7. Bd2 Bb4 8.
Nc4 Qa6 9. e3 Qc6 10. Rc1 Bxc3 11. Bxc3 Qd7 12. Bb4 Nc6 13. Ba3 Ne4 14. Be2 Nd6
15. O-O O-O 16. Ne5 Qe8 17. Nxc6 bxc6 18. Bf3 Qe7 19. Bxc6 Rab8 20. e4 1-0

[Event "4NCL Online Division 5"]
[Site "online"]
[Date "2020.11.03"]
[Round "6.12"]
[White "Stuart, Graham"]
[Black "Kothari, Jai"]
[Result "1-0"]
[WhiteElo "1772"]
[BlackElo "1295"]
[PlyCount "43"]
[EventDate "2020.11.03"]
[WhiteTeam "Wessex Some Stars D"]
[BlackTeam "Woking Warriors"]

1. e4 c5 2. d4 cxd4 3. c3 e6 4. Nf3 Nc6 5. cxd4 d5 6. e5 Nge7 7. Bd3 g6 8. Nc3
Bg7 9. O-O O-O 10. a3 Qb6 11. Na4 Qc7 12. Re1 a6 13. Be3 b5 14. Nc5 Nf5 15.
Bxf5 exf5 16. Rc1 Bb7 17. Qd2 Rfe8 18. Bh6 Bh8 19. Bf4 Qb6 20. Bg5 Na5 21. Nd7
Qa7 22. Qxa5 1-0

[Event "4NCL Online Division 5"]
[Site "online"]
[Date "2020.11.03"]
[Round "6.13"]
[White "Seet, Joshua"]
[Black "Le Fevre, Stephen D"]
[Result "1/2-1/2"]
[WhiteElo "1322"]
[BlackElo "1745"]
[PlyCount "60"]
[EventDate "2020.11.03"]
[WhiteTeam "Woking Warriors"]
[BlackTeam "Wessex Some Stars D"]

1. d4 d5 2. c4 e6 3. Nc3 Nc6 4. cxd5 exd5 5. Nf3 Bb4 6. Bf4 Nf6 7. e3 a6 8. Bd3
O-O 9. O-O Bg4 10. Bg5 h6 11. Bxf6 gxf6 12. h3 Bh5 13. g4 Bg6 14. Bxg6 fxg6 15.
Nh4 Ne7 16. Qd3 Kg7 17. f4 Qd6 18. Kg2 f5 19. gxf5 Nxf5 20. Nxf5+ gxf5 21. Kh2
Kf6 22. Rg1 Rg8 23. Ne2 Qe6 24. Ng3 Rae8 25. Nh5+ Kf7 26. Rxg8 Rxg8 27. Ng3 Kf6
28. Nh5+ Kf7 29. Ng3 Kf6 30. Nh5+ Kf7 1/2-1/2

[Event "4NCL Online Division 5"]
[Site "online"]
[Date "2020.11.03"]
[Round "6.21"]
[White "Hughes, Colin"]
[Black "Rawlinson, Aidan M"]
[Result "1/2-1/2"]
[WhiteElo "1817"]
[BlackElo "2215"]
[PlyCount "53"]
[EventDate "2020.11.03"]
[WhiteTeam "Uxbridge Knights B"]
[BlackTeam "Manchester Manticores 1"]

1. e4 g6 2. d4 Bg7 3. c4 d6 4. Nc3 Nf6 5. Be2 O-O 6. Nf3 e5 7. dxe5 dxe5 8.
Qxd8 Rxd8 9. Nxe5 Nxe4 10. Nxe4 Bxe5 11. O-O Kg7 12. Ng3 Nc6 13. Rb1 Nd4 14.
Bd1 f5 15. f4 Bf6 16. b3 Bd7 17. Bb2 Re8 18. Bf3 Nxf3+ 19. Rxf3 Bc6 20. Rd3 Re7
21. Bxf6+ Kxf6 22. Rbd1 Rae8 23. Kf2 h5 24. h4 a5 25. R1d2 Re1 26. Re2 R1xe2+
27. Nxe2 1/2-1/2

[Event "4NCL Online Division 5"]
[Site "online"]
[Date "2020.11.03"]
[Round "6.22"]
[White "Pink, Joshua"]
[Black "Price, Michael C"]
[Result "1-0"]
[WhiteElo "2080"]
[BlackElo "1747"]
[PlyCount "85"]
[EventDate "2020.11.03"]
[WhiteTeam "Manchester Manticores 1"]
[BlackTeam "Uxbridge Knights B"]

1. d4 d5 2. c4 e6 3. Nc3 b6 4. g3 Bb7 5. Bg2 Nf6 6. Bg5 Be7 7. cxd5 exd5 8. Nh3
O-O 9. Nf4 c6 10. O-O Nbd7 11. Rc1 Rc8 12. Qa4 a5 13. e3 b5 14. Qd1 h6 15. Bxf6
Nxf6 16. Nd3 b4 17. Na4 Ba6 18. Re1 Bxd3 19. Qxd3 Ne8 20. Rc2 Nd6 21. Rec1 Qe8
22. b3 Nb5 23. Bxd5 Nc3 24. Nxc3 cxd5 25. Nxd5 Rxc2 26. Rxc2 Bd6 27. Nf4 Bxf4
28. gxf4 Qd7 29. Qe2 a4 30. Rc4 axb3 31. axb3 Ra8 32. Kg2 Qd6 33. Qc2 Qd7 34.
f5 Ra5 35. Rc7 Qd5+ 36. f3 Kh7 37. Rc5 Rxc5 38. dxc5 Qd8 39. f4 Qd5+ 40. e4 Qd4
41. c6 Qc3 42. Qxc3 bxc3 43. c7 1-0

[Event "4NCL Online Division 5"]
[Site "online"]
[Date "2020.11.03"]
[Round "6.23"]
[White "Knight, David"]
[Black "Stoker, Andrew J"]
[Result "0-1"]
[WhiteElo "1705"]
[BlackElo "2035"]
[PlyCount "98"]
[EventDate "2020.11.03"]
[WhiteTeam "Uxbridge Knights B"]
[BlackTeam "Manchester Manticores 1"]

1. c4 c6 2. Nf3 d5 3. e3 Nf6 4. Nc3 e6 5. b3 Nbd7 6. Be2 e5 7. cxd5 cxd5 8. Bb2
Bd6 9. O-O O-O 10. Rc1 a6 11. d3 b5 12. a3 Qe7 13. b4 Bb7 14. Nb1 e4 15. Nfd2
Ne5 16. Nb3 exd3 17. Bf3 Ne4 18. Bxe5 Qxe5 19. g3 Ng5 20. Bg2 Qf5 21. Nd4 Nh3+
22. Bxh3 Qxh3 23. Qxd3 Bc8 24. Nd2 Qh5 25. Rc6 Rd8 26. Rfc1 Bg4 27. N2b3 Qe5
28. Nc5 a5 29. Nb7 Rd7 30. Nxa5 g6 31. Nxb5 Bf5 32. Rc8+ Rd8 33. Rxd8+ Rxd8 34.
Qd4 Qe6 35. Rc6 Be4 36. Nxd6 Rxd6 37. Rxd6 Qxd6 38. f4 Qd7 39. Qd2 Qa4 40. Qc1
Qb5 41. Qc8+ Kg7 42. Qc3+ Kh6 43. Kf2 Qa4 44. Qc1 Qd7 45. Qf1 d4 46. Qe2 d3 47.
Qd1 Qh3 48. Qf1 Qg4 49. Kg1 d2 0-1

[Event "4NCL Online Division 5"]
[Site "online"]
[Date "2020.11.03"]
[Round "6.24"]
[White "Reed, John"]
[Black "Knight, Daniel"]
[Result "1-0"]
[WhiteElo "1937"]
[BlackElo "1705"]
[PlyCount "146"]
[EventDate "2020.11.03"]
[WhiteTeam "Manchester Manticores 1"]
[BlackTeam "Uxbridge Knights B"]

1. d4 d5 2. c4 Nf6 3. Nc3 c6 4. Bg5 Bf5 5. e3 e6 6. cxd5 exd5 7. Bd3 Bxd3 8.
Qxd3 Be7 9. Nf3 O-O 10. O-O Nbd7 11. a3 Ng4 12. Bxe7 Qxe7 13. b4 Nb6 14. h3 Nf6
15. Nd2 Rfe8 16. Qc2 h6 17. Na4 Nxa4 18. Qxa4 Ne4 19. Qc2 Nxd2 20. Qxd2 Qe4 21.
Rab1 a6 22. a4 Re6 23. b5 cxb5 24. axb5 b6 25. bxa6 Rxa6 26. Rfc1 Rg6 27. g3 h5
28. Qe2 Ra8 29. Qxh5 Re8 30. Re1 Qe6 31. Kg2 Rh6 32. Qg4 f5 33. Qf4 Qg6 34. Ra1
Qe6 35. Ra7 Rf6 36. Rea1 Qe4+ 37. Qxe4 fxe4 38. Rd7 Ref8 39. Ra2 Rf5 40. g4 Rg5
41. Rb2 Rg6 42. Rxd5 Rgf6 43. Re5 Rb8 44. Rxe4 b5 45. d5 Rd6 46. Rd4 Kf7 47. e4
g5 48. e5 Ra6 49. Kg3 Ra3+ 50. f3 Re3 51. Re4 Rd3 52. d6 Ke6 53. Rbe2 b4 54.
R4e3 Rd1 55. h4 gxh4+ 56. Kxh4 Rh8+ 57. Kg3 Rg1+ 58. Rg2 Rb1 59. f4 b3 60. f5+
Kd7 61. Rd2 b2 62. e6+ Kd8 63. Rg2 Rh3+ 64. Kxh3 Rh1+ 65. Rh2 Rxh2+ 66. Kxh2
b1=Q 67. e7+ Ke8 68. d7+ Kxd7 69. e8=Q+ Kd6 70. Qd8+ Kc5 71. Re5+ Kc4 72. Qd5+
Kc3 73. Re3+ Kb4 1-0

[Event "4NCL Online Division 5"]
[Site "online"]
[Date "2020.11.03"]
[Round "6.31"]
[White "Mackle, Dominic"]
[Black "Liu, Jason"]
[Result "1-0"]
[WhiteElo "2192"]
[BlackElo "1392"]
[PlyCount "171"]
[EventDate "2020.11.03"]
[WhiteTeam "Hackney Thirsty"]
[BlackTeam "BCC Penguins"]

1. d4 c6 2. c4 d6 3. Nf3 Qc7 4. Nc3 Bg4 5. g3 Nd7 6. Bg2 Ngf6 7. O-O e5 8. h3
Bh5 9. g4 Bg6 10. Nh4 Be7 11. Nxg6 hxg6 12. e3 Nf8 13. f4 Ne6 14. d5 Nc5 15. b4
Ncd7 16. dxc6 bxc6 17. b5 Rc8 18. g5 Nh5 19. Bxc6 Ng3 20. Nd5 Qd8 21. Rf3 Nf5
22. Kh2 Kf8 23. Bb2 e4 24. Rf2 Nc5 25. Rg2 Nh4 26. Rg3 Nd3 27. Qe2 Nf5 28. Rg4
Nh4 29. Rf1 Rb8 30. Bd4 Qc8 31. Nxe7 Kxe7 32. Bxe4 Nb4 33. Bxg7 Rh7 34. Bf6+
Kf8 35. a3 Qe6 36. Bh1 Nf5 37. e4 Nc2 38. Qxc2 Ne3 39. Qe2 Nxg4+ 40. Kg3 Nxf6
41. gxf6 Qxh3+ 42. Kf2 Qh4+ 43. Ke3 Qg3+ 44. Qf3 Qxf3+ 45. Bxf3 Rc8 46. Kd4 Rh2
47. e5 dxe5+ 48. fxe5 Rd2+ 49. Kc3 Rdd8 50. Rh1 Kg8 51. Bc6 a6 52. a4 axb5 53.
axb5 Rc7 54. Kb4 Rb8 55. Kc5 Rbc8 56. Rh6 Ra7 57. b6 Ra6 58. Kb5 Ra1 59. b7
Rb1+ 60. Kc5 Rxb7 61. Kd5 Rd8+ 62. Ke4 Rb4 63. Bd5 Rb1 64. Rxg6+ Kf8 65. Rh6
Kg8 66. Rg6+ Kf8 67. Rg7 Re1+ 68. Kd4 Rd1+ 69. Kc5 Rd7 70. e6 fxe6 71. Rxd7
exd5 72. cxd5 Rc1+ 73. Kd6 Rc8 74. Ke6 Re8+ 75. Re7 Ra8 76. d6 Rd8 77. Rh7 Kg8
78. Ra7 Kf8 79. Rc7 Re8+ 80. Re7 Rd8 81. d7 Ra8 82. Rh7 Kg8 83. Ke7 Kxh7 84.
d8=Q Rxd8 85. Kxd8 Kg6 86. Ke7 1-0

[Event "4NCL Online Division 5"]
[Site "online"]
[Date "2020.11.03"]
[Round "6.32"]
[White "Liu, Benjamin"]
[Black "Tennyson, John"]
[Result "0-1"]
[WhiteElo "1000"]
[BlackElo "2020"]
[PlyCount "86"]
[EventDate "2020.11.03"]
[WhiteTeam "BCC Penguins"]
[BlackTeam "Hackney Thirsty"]

1. d4 Nf6 2. c4 e6 3. Nc3 Bb4 4. Nf3 d5 5. cxd5 exd5 6. Bg5 c6 7. a3 Be7 8. e3
h6 9. Bh4 Bf5 10. Bd3 Ne4 11. Bxe7 Qxe7 12. Ne5 O-O 13. Qf3 Bh7 14. Nxe4 dxe4
15. Bxe4 Bxe4 16. Qxe4 f6 17. Qh4 Re8 18. Nf3 Nd7 19. O-O Nb6 20. Rfe1 Qf7 21.
Nd2 Rad8 22. Ne4 Rd5 23. Qf4 Qe7 24. Nc5 g5 25. Qf3 Rxd4 26. Qf5 Kg7 27. Nd3
Rd5 28. e4 Rxf5 29. exf5 Qd7 30. Nc5 Rxe1+ 31. Rxe1 Qxf5 32. Re7+ Kf8 33. Re1
Qxc5 34. Rd1 Nd5 35. b4 Qc2 36. Ra1 Qb2 37. Rd1 Qxa3 38. Rb1 Nxb4 39. Rd1 Nd3
40. Rb1 Qa2 41. Rd1 Qxf2+ 42. Kh1 Ne1 43. Rxe1 Qxe1# 0-1

[Event "4NCL Online Division 5"]
[Site "online"]
[Date "2020.11.03"]
[Round "6.33"]
[White "Baumann, Tobias"]
[Black "Bell, Euan"]
[Result "1-0"]
[WhiteElo "2005"]
[BlackElo "700"]
[PlyCount "55"]
[EventDate "2020.11.03"]
[WhiteTeam "Hackney Thirsty"]
[BlackTeam "BCC Penguins"]

1. e4 e5 2. Nf3 Nf6 3. Nc3 g6 4. Nxe5 d6 5. Nf3 Bh6 6. d3 Bxc1 7. Qxc1 Ng4 8.
h3 Ne5 9. Nxe5 dxe5 10. Qh6 Qf6 11. Nd5 Qd8 12. Qg7 Rf8 13. Qxe5+ Be6 14. Nxc7+
Ke7 15. Nxa8 Na6 16. d4 Qxa8 17. Bxa6 bxa6 18. d5 Qb8 19. Qxb8 Rxb8 20. dxe6
fxe6 21. O-O-O Rb7 22. e5 Kf7 23. Rd6 a5 24. Rhd1 Ke7 25. Ra6 h5 26. Rdd6 Rb6
27. Rxa7+ Ke8 28. Rxb6 1-0

[Event "4NCL Online Division 5"]
[Site "online"]
[Date "2020.11.03"]
[Round "6.34"]
[White "Florczak, Adam"]
[Black "Robinson, Adam"]
[Result "0-1"]
[WhiteElo "700"]
[BlackElo "1997"]
[PlyCount "50"]
[EventDate "2020.11.03"]
[WhiteTeam "BCC Penguins"]
[BlackTeam "Hackney Thirsty"]

1. e4 c5 2. Nf3 Nc6 3. Bc4 g6 4. Ng5 e6 5. O-O Qxg5 6. d4 Qe7 7. Nc3 a6 8. d5
Ne5 9. Bb3 c4 10. Ba4 b5 11. Bf4 Bg7 12. Bxb5 axb5 13. Nxb5 Qc5 14. a4 Rb8 15.
Bxe5 Bxe5 16. Na3 Nf6 17. dxe6 fxe6 18. c3 O-O 19. b4 cxb3 20. Nb1 Nxe4 21. Nd2
Nxf2 22. Qe2 Nh3+ 23. Kh1 Ba6 24. Qxa6 Qg1+ 25. Rxg1 Nf2# 0-1

[Event "4NCL Online Division 5"]
[Site "online"]
[Date "2020.11.03"]
[Round "6.41"]
[White "Walker, Kate"]
[Black "Penny, Liam"]
[Result "0-1"]
[WhiteElo "1705"]
[BlackElo "1765"]
[PlyCount "52"]
[EventDate "2020.11.03"]
[WhiteTeam "Shropshire 4"]
[BlackTeam "Cheshire Cats"]

1. d4 d5 2. c4 e6 3. Nc3 c5 4. cxd5 cxd4 5. Qxd4 Nc6 6. Qd1 exd5 7. Qxd5 Bd7 8.
Nf3 Nf6 9. Qd1 Bc5 10. e3 Qe7 11. Be2 g5 12. O-O g4 13. Nd4 h5 14. a3 Rd8 15.
Nxc6 Bxc6 16. Qc2 h4 17. b4 Bb6 18. Bb5 g3 19. Bxc6+ bxc6 20. fxg3 Bxe3+ 21.
Bxe3 Qxe3+ 22. Kh1 hxg3 23. h3 Rd2 24. Qc1 Rxh3+ 25. gxh3 g2+ 26. Kh2 g1=Q# 0-1

[Event "4NCL Online Division 5"]
[Site "online"]
[Date "2020.11.03"]
[Round "6.42"]
[White "Cox, Leon"]
[Black "Hilditch-Love, Daniel"]
[Result "1-0"]
[WhiteElo "1757"]
[BlackElo "1682"]
[PlyCount "69"]
[EventDate "2020.11.03"]
[WhiteTeam "Cheshire Cats"]
[BlackTeam "Shropshire 4"]

1. e4 Nc6 2. d4 d5 3. e5 Bf5 4. f4 e6 5. Nf3 Nb8 6. Be3 Nd7 7. Bb5 c6 8. Be2
Rc8 9. Nbd2 c5 10. c3 Nh6 11. h3 cxd4 12. Bxd4 Bc5 13. Nb3 Be4 14. Nxc5 Nxc5
15. Bb5+ Kf8 16. O-O Nf5 17. Bf2 a6 18. Be2 Bxf3 19. Bxf3 g5 20. g4 Nh4 21.
Bxh4 gxh4 22. f5 Qg5 23. fxe6 Qe3+ 24. Kh1 Ne4 25. Bxe4 Qxh3+ 26. Kg1 Qe3+ 27.
Rf2 Qxe4 28. exf7 Qxe5 29. Qd2 Rc6 30. Re1 Qg3+ 31. Rg2 Qd6 32. Re8+ Kxf7 33.
Rxh8 Qe5 34. Rxh7+ Kg8 35. Rxh4 1-0

[Event "4NCL Online Division 5"]
[Site "online"]
[Date "2020.11.03"]
[Round "6.43"]
[White "Priestley, Stephen"]
[Black "Fisher, Peter"]
[Result "0-1"]
[WhiteElo "1637"]
[BlackElo "1727"]
[PlyCount "79"]
[EventDate "2020.11.03"]
[WhiteTeam "Shropshire 4"]
[BlackTeam "Cheshire Cats"]

1. f4 c5 2. Nf3 d6 3. e3 e6 4. b3 Nf6 5. Bb2 Be7 6. Be2 O-O 7. O-O b6 8. d3 Bb7
9. e4 Nbd7 10. a4 Qc7 11. Na3 a6 12. Qd2 Rfe8 13. e5 Nd5 14. c4 Nb4 15. Bc3
Rad8 16. Nc2 Nc6 17. Qe3 h6 18. Kh1 Ncb8 19. Rg1 Bc6 20. Rae1 b5 21. axb5 axb5
22. h3 Qb7 23. Rb1 Na6 24. Kh2 d5 25. d4 dxc4 26. bxc4 b4 27. Be1 Rb8 28. Bh4
Bf8 29. g4 Be4 30. Rb2 Qc6 31. f5 Nc7 32. f6 g6 33. Bf2 Kh7 34. h4 Rb7 35. h5
g5 36. Bd3 Bxd3 37. Qxd3+ Kh8 38. Be3 Qxf3 39. Ne1 Qc6 40. Nf3 0-1

[Event "4NCL Online Division 5"]
[Site "online"]
[Date "2020.11.03"]
[Round "6.44"]
[White "Beckett, Phill"]
[Black "Holmes, Nick D"]
[Result "1-0"]
[WhiteElo "1712"]
[BlackElo "1540"]
[PlyCount "97"]
[EventDate "2020.11.03"]
[WhiteTeam "Cheshire Cats"]
[BlackTeam "Shropshire 4"]

1. e4 d6 2. d4 Nf6 3. Nc3 g6 4. Nf3 Bg7 5. Be2 O-O 6. O-O c6 7. a4 Nbd7 8. h3
e5 9. dxe5 Nxe5 10. Bf4 Nh5 11. Be3 Nxf3+ 12. Bxf3 Bxc3 13. bxc3 Ng7 14. Bf4
Ne8 15. Qd3 Qf6 16. Qd2 Kh8 17. Qd4 Qxd4 18. cxd4 Be6 19. Rfe1 Rd8 20. d5 cxd5
21. exd5 Bf5 22. Re7 Rd7 23. Rae1 Rxe7 24. Rxe7 Bxc2 25. Rxb7 Bxa4 26. Rxa7 Bc2
27. Bh6 Ng7 28. Rd7 Re8 29. g4 Kg8 30. Bxg7 Kxg7 31. Rxd6 Ba4 32. Ra6 Bb5 33.
Rb6 Ba4 34. Kg2 Rd8 35. Kg3 g5 36. Be4 h6 37. f3 f6 38. Rb7+ Rd7 39. Rb4 Ra7
40. d6 Be8 41. Rc4 Kf8 42. Rc8 Rd7 43. Bc6 Rxd6 44. Bxe8 Ke7 45. Bc6 Rd1 46.
Be4 Ke6 47. Bf5+ Ke5 48. Re8+ Kd4 49. Rd8+ 1-0

[Event "4NCL Online Division 5"]
[Site "online"]
[Date "2020.11.03"]
[Round "6.51"]
[White "Wicks, Ben"]
[Black "Kobryn, Peter J"]
[Result "1-0"]
[WhiteElo "1412"]
[BlackElo "1960"]
[PlyCount "51"]
[EventDate "2020.11.03"]
[WhiteTeam "St Albans 4"]
[BlackTeam "Manchester Manticores 2"]

1. e4 g6 2. d4 Bg7 3. Be3 d6 4. Nc3 Nf6 5. f3 O-O 6. Qd2 Re8 7. O-O-O c6 8. g4
b5 9. h4 Qa5 10. Kb1 Na6 11. h5 b4 12. Nce2 Be6 13. Nc1 Nc7 14. hxg6 fxg6 15.
Nh3 Rab8 16. Ng5 Bd7 17. Bc4+ d5 18. e5 dxc4 19. exf6 Bxf6 20. Nxh7 Bg7 21. Qh2
Nd5 22. Nf6+ Nxf6 23. Bh6 Bxh6 24. Qxh6 Rb5 25. Qxg6+ Kf8 26. Rh8+ 1-0

[Event "4NCL Online Division 5"]
[Site "online"]
[Date "2020.11.03"]
[Round "6.52"]
[White "Green, Tom D A"]
[Black "Maton, James J"]
[Result "1-0"]
[WhiteElo "1873"]
[BlackElo "1370"]
[PlyCount "43"]
[EventDate "2020.11.03"]
[WhiteTeam "Manchester Manticores 2"]
[BlackTeam "St Albans 4"]

1. e4 d6 2. Nc3 Nf6 3. f4 g6 4. Nf3 Bg7 5. Bc4 e6 6. O-O c6 7. d4 Nxe4 8. Nxe4
d5 9. Neg5 dxc4 10. Ne5 f6 11. Ngf7 Qb6 12. Nd6+ Ke7 13. Nexc4 Qb4 14. c3 Qxd6
15. Nxd6 Kxd6 16. f5 exf5 17. Bf4+ Kd7 18. d5 Ke8 19. Qe2+ Kf7 20. Rfe1 Rf8 21.
Bd6 Nd7 22. Qe6# 1-0

[Event "4NCL Online Division 5"]
[Site "online"]
[Date "2020.11.03"]
[Round "6.53"]
[White "Feldman, Keith"]
[Black "Potter, Steven"]
[Result "1/2-1/2"]
[WhiteElo "1330"]
[BlackElo "1832"]
[PlyCount "148"]
[EventDate "2020.11.03"]
[WhiteTeam "St Albans 4"]
[BlackTeam "Manchester Manticores 2"]

1. d4 b6 2. Nf3 Bb7 3. c4 e6 4. a3 Be7 5. Nc3 f5 6. e3 Nf6 7. Bd3 O-O 8. O-O
Ne4 9. Ne2 d6 10. Ng3 Qe8 11. b4 Nd7 12. Bb2 Nxg3 13. fxg3 Qh5 14. Qb3 c5 15.
d5 e5 16. Nd2 Qh6 17. Bxf5 Nf6 18. Be6+ Kh8 19. Qd3 Bc8 20. Bxc8 Raxc8 21. Qe2
Ng8 22. Rxf8 Rxf8 23. Rf1 Rxf1+ 24. Nxf1 Qg6 25. e4 Nf6 26. Nd2 h5 27. h4 Ng4
28. Nf3 Qh6 29. Qd2 Qe3+ 30. Qxe3 Nxe3 31. Kh1 Nxc4 32. Bc1 cxb4 33. axb4 a5
34. bxa5 bxa5 35. Nd2 Nxd2 36. Bxd2 a4 37. Bb4 Kh7 38. Kh2 Kh6 39. Kh3 g5 40.
Ba3 g4+ 41. Kh2 Kg6 42. Kg1 Kf7 43. Kf2 Ke8 44. Ke3 Kd7 45. Kd3 Bd8 46. Kc4 Bb6
47. Kb4 Bf2 48. Bc1 Bxg3 49. Bg5 Bf4 50. Bf6 Ke8 51. Kxa4 Kf7 52. Bd8 Ke8 53.
Bf6 Kd7 54. Kb5 Bg3 55. Kc4 Bf2 56. Kb5 Be1 57. Kc4 Ba5 58. Kb5 Bd2 59. Kc4 Be3
60. Kd3 Bb6 61. Kc4 Ba5 62. Kd3 Bb6 63. Ke2 Bc5 64. Bg5 Kc7 65. Kd3 Kb6 66. Kc4
Ka5 67. Bd2+ Kb6 68. Bg5 Kc7 69. Bf6 Kd7 70. Kb5 Ba3 71. Bg5 Bb2 72. Kc4 Bd4
73. Kd3 Bg1 74. Bf6 Bb6 1/2-1/2

[Event "4NCL Online Division 5"]
[Site "online"]
[Date "2020.11.03"]
[Round "6.54"]
[White "Sheppard, Daniel C"]
[Black "Harris, Stuart"]
[Result "1-0"]
[WhiteElo "1832"]
[BlackElo "1150"]
[PlyCount "71"]
[EventDate "2020.11.03"]
[WhiteTeam "Manchester Manticores 2"]
[BlackTeam "St Albans 4"]

1. d4 d5 2. Nc3 Nf6 3. Bf4 Nc6 4. Nb5 Kd7 5. Bxc7 Qe8 6. Bg3 Qd8 7. e3 Ne4 8.
Bd3 Nxg3 9. Qg4+ e6 10. hxg3 Nb4 11. Qd1 Nxd3+ 12. Qxd3 a6 13. Nc3 Bb4 14. Nge2
f5 15. a3 Bxc3+ 16. Qxc3 h5 17. Nf4 h4 18. Ng6 Rh6 19. Ne5+ Ke7 20. Rxh4 Rxh4
21. gxh4 Ke8 22. g3 g5 23. h5 g4 24. O-O-O Qf6 25. Rh1 Bd7 26. Qc7 Rd8 27. h6
b5 28. h7 Qh8 29. Qxd8+ Kxd8 30. Nf7+ Ke8 31. Nxh8 Kf8 32. Ng6+ Kg7 33. h8=Q+
Kxg6 34. Qh7+ Kf6 35. Rh6+ Kg5 36. Rg6# 1-0

[Event "4NCL Online Division 5"]
[Site "online"]
[Date "2020.11.03"]
[Round "6.61"]
[White "Holland, Nicolas"]
[Black "Stoica, Savas Marin"]
[Result "0-1"]
[WhiteElo "1150"]
[BlackElo "2042"]
[PlyCount "64"]
[EventDate "2020.11.03"]
[WhiteTeam "Watford Juniors B"]
[BlackTeam "Barnet Knights A"]

1. e4 c5 2. Nf3 d6 3. Nc3 Nf6 4. Bb5+ Bd7 5. Bxd7+ Nbxd7 6. O-O g6 7. d3 Bg7 8.
b3 Nxe4 9. dxe4 Bxc3 10. Rb1 O-O 11. Bd2 Bg7 12. a4 Rc8 13. Rc1 c4 14. b4 c3
15. Be3 a5 16. bxa5 Qxa5 17. Ra1 Rc4 18. Qd3 Rxa4 19. Rxa4 Qxa4 20. Ng5 Ne5 21.
Qxc3 Nf3+ 22. gxf3 Bxc3 23. h4 Rc8 24. f4 Qxc2 25. f5 gxf5 26. exf5 Qxf5 27.
Rc1 Be5 28. Rxc8+ Qxc8 29. f4 Bxf4 30. Bxf4 Qg4+ 31. Kh2 Qxf4+ 32. Kh3 d5 0-1

[Event "4NCL Online Division 5"]
[Site "online"]
[Date "2020.11.03"]
[Round "6.62"]
[White "Rasalingam, Haran"]
[Black "Demyan, Leo"]
[Result "1-0"]
[WhiteElo "2065"]
[BlackElo "1135"]
[PlyCount "87"]
[EventDate "2020.11.03"]
[WhiteTeam "Barnet Knights A"]
[BlackTeam "Watford Juniors B"]

1. e4 e6 2. b3 Nf6 3. e5 Nd5 4. c4 Nf4 5. d4 Ng6 6. Nf3 b6 7. g3 Bb7 8. Bg2 Be7
9. O-O d5 10. Nc3 Bb4 11. Qd3 Bxc3 12. Qxc3 a5 13. Ba3 Ne7 14. Rfc1 c6 15. Qc2
Na6 16. Qe2 O-O 17. h4 Re8 18. Rd1 Nf5 19. Bh3 Ne7 20. Rac1 Qd7 21. Ng5 h6 22.
Nf3 b5 23. Bxe7 Qxe7 24. c5 Nb4 25. a3 Na6 26. Nd2 Nc7 27. Qh5 a4 28. b4 f6 29.
Nf3 f5 30. g4 fxg4 31. Qxg4 Qf7 32. Rc3 Rf8 33. Qg2 Qh5 34. Bg4 Qg6 35. h5 Qf7
36. Nh4 Qd7 37. Ng6 Rf7 38. Rdd3 Na6 39. Qh3 Bc8 40. Rf3 Ra7 41. Rxf7 Qxf7 42.
Rf3 Qc7 43. Rf8+ Kh7 44. Rh8# 1-0